|
|
|
|
| LEADER |
00000nam a22000007a 4500 |
| 005 |
20130301134837.0 |
| 007 |
cr|||| |||| |
| 008 |
130301e2008 it |||||s|||| 00||0 ita d |
| 020 |
|
|
|a 978-88-8422-662-4
|
| 035 |
|
|
|a 7132
|
| 040 |
|
|
|a vLex
|
| 090 |
|
|
|c 3808
|d 3808
|
| 245 |
0 |
0 |
|a Annali della Facolt ̉di Giurisprudenza di Taranto
|b Anno I - Nð 1
|h [Recurso electrn̤ico]
|
| 256 |
|
|
|a Servicio en ln̕ea
|
| 260 |
|
|
|a Bari :
|b Cacucci Editore,
|c 2008
|
| 300 |
|
|
|a 1 Recurso electrn̤ico
|
| 506 |
|
|
|d vLex Global
|d vLex Global (Academic Edition, excluding Law Schools)
|d vLex Global (U.S. Academic Edition, Law Schools)
|d vLex Global (U.S. Academic Edition, excluding Law Schools)
|d vLex Global (Academic Edition, Law Schools)
|
| 650 |
0 |
4 |
|a Jurisprudencia
|v Revistas
|z Italia
|
| 650 |
0 |
4 |
|a Derecho
|v Revistas
|z Italia
|
| 740 |
|
|
|a vLex Libros (Servicio en ln̕ea)
|
| 856 |
|
|
|a Acceso restringido
|u http://www.vlex.com/source/7132
|
| 942 |
|
|
|c BOOK
|
| 999 |
|
0 |
|a Jurisprudence
|